000 00823nam a22002055i 4500
001 178641
003 ES-MaACL
005 20230906220558.0
008 110609s1970 sp |||| | spa d
080 _a616.155.19
100 1 _aPardo Peret, Pedro.
_9147061
245 1 0 _aContribución al estudio de las anemias aplásticas /
_cresumen de la tesis presentada para aspirar al grado de doctor en medicina por Pedro Pardo Peret.
260 _aBarcelona :
_bUniversidad de Barcelona, Secretariado de Publicaciones, Intercambio Científico y Extensión Universitaria :
_bIvern,
_c1970.
300 _a23 p. ;
_c24 cm.
500 _aCub. tomada como port.
504 _aBibliografía: p. 20-23.
650 0 4 _aAnemia.
_9144471
710 2 _aUniversidad de Barcelona.
_97141
852 _aES-MaACL
_jE-15361 (47)
_xOlim P-1374
999 _c178641
_d178641